000 00624nam a2200253Ia 4500
003 0100
008 130307s9999 xx 000 0 und d
020 _a0710090021
040 _cARRUPELIB
050 _aBC141.W4 1982
100 _aWeatherford, Roy
245 _aPhilosophical foundations of probability theory
260 _aLondon
260 _bRoutledge & K. Paul
260 _c1982.
300 _axi
300 _b282 p. 23 cm.
440 _aInternational library of philosophy
650 _aLOGIC
650 _bPhilosophy, Modern
650 _cMarcel, Gabriel
650 _dGirard, Rene
942 0 0 _05
999 _c95801
_d95801